000
00331nam a2200145 4500
999
_c
8825
_d
8825
003
OSt
005
20210223124343.0
008
210223b ||||| |||| 00| 0 eng d
020
_a
0091322707
082
_a
069.53
_b
DOB
100
_a
Alan Dobby
245
_a
Conservation and Planning
260
_a
Hutchinon of London
942
_2
ddc